000 00599nam a2200121Ia 4500
008 220615s9999||||xx |||||||||||||| ||und||
245 4 _aThe Political Economy of Coal
_bObstacles to Clean Energy Transitions
546 _aEnglish[eng]
650 _aApplied ecology||Environmental management||Central / national / federal government policies||Environmental policy and protocols||Energy||Environmental science, engineering and technology||Climate change
700 _aJakob, Michael||Steckel, Jan C.
856 _uhttps://library.oapen.org/bitstream/20.500.12657/52615/1/9781000551556.pdf
942 _cEB
999 _c18521
_d18521